| 000 | 00889nam a22002537a 4500 | ||
|---|---|---|---|
| 999 |
_c6712 _d6712 |
||
| 003 | AR-CdUCM | ||
| 008 | 190319b ||||| |||| 00| 0 spa d | ||
| 020 | _a84-205-0583-8 | ||
| 040 |
_aMUNICIPALIDAD PROVINCIAL DEL CUSCO _cBIBLIOTECA MUNICIPAL DEL CUSCO |
||
| 082 |
_a574.192 / _bF81 |
||
| 100 |
_aFraga, E _918889 |
||
| 245 | _aBiomoléculas : | ||
| 260 |
_aMadrid, _bAlhambra, _c1976. |
||
| 300 |
_a289 paginas ; _bTrazos, Ilustraciones, dibujos, graficos, _c20cm. |
||
| 440 |
_aExedra - ciencia tecnica ingenieria _n110 _918890 |
||
| 505 | _aContenido: Fuentes de energia -- enzimas y coenzimas -- acidos nucleicos -- aminoacidos y proteinas -- codigo genetico... | ||
| 650 |
_aBiologia _9881 |
||
| 650 |
_aEnzimas _918891 |
||
| 650 |
_aAcidos nocleicos _918892 |
||
| 650 |
_aAminoacidos y proteinas _918893 |
||
| 700 |
_aFraga, S _918894 |
||
| 942 |
_2ddc _cLIBROS |
||
| 945 | _apjha | ||